[Event "South Wales op 15th"]
[Site "Cardiff"]
[Date "2018.07.10"]
[Round "6"]
[White "Whitfield, Craig M"]
[Black "Blackburn, Jonathan LB"]
[Result "1-0"]
[WhiteElo "2121"]
[BlackElo "2200"]
[PlyCount "71"]
[EventDate "2018.07.07"]
[EventType "swiss"]
[EventRounds "9"]
[EventCountry "WLS"]
[SourceTitle "EXT 2019"]
[Source "ChessBase"]
[SourceDate "2018.10.10"]
[SourceVersion "1"]
[SourceVersionDate "2018.10.10"]
[SourceQuality "1"]

1. Nf3 Nf6 2. e3 g6 3. d4 Bg7 4. c4 0-0 5. Be2 d6 6. Nc3 c6 7. 0-0 a6 8. b4 b5 9. a4 bxc4 10. Bxc4 c5 11. bxc5 dxc5 12. Ba3 cxd4 13. Nxd4 Ra7 14. Rc1 Rd7 15. Qb3 Bb7 16. Ne6 fxe6 17. Bxe6+ Kh8 18. Bxd7 Qxd7 19. Rfd1 Qc6 20. Nd5 Qxd5 21. Rxd5 Bxd5 22. Qd3 Be4 23. Qe2 Bc6 24. Bxe7 Re8 25. Bxf6 Bxf6 26. Qg4 Bd7 27. Qf4 Be5 28. Qf7 Bxa4 29. f4 Bg7 30. Rc7 Rg8 31. e4 Be8 32. Qe6 Bb5 33. Rc8 Bd4+ 34. Kh1 Rxc8 35. Qxc8+ Kg7 36. Qxb8 1-0

[Event "South Wales op 15th"]
[Site "Cardiff"]
[Date "2018.07.09"]
[Round "4"]
[White "Whitfield, Craig M"]
[Black "Britton, Richard"]
[Result "1-0"]
[WhiteElo "2121"]
[BlackElo "2249"]
[PlyCount "105"]
[EventDate "2018.07.07"]
[EventType "swiss"]
[EventRounds "9"]
[EventCountry "WLS"]
[SourceTitle "EXT 2019"]
[Source "ChessBase"]
[SourceDate "2018.10.10"]
[SourceVersion "1"]
[SourceVersionDate "2018.10.10"]
[SourceQuality "1"]

1. Nf3 Nf6 2. e3 d6 3. d4 g6 4. c4 Bg7 5. Nc3 0-0 6. Be2 Nbd7 7. 0-0 e5 8. Qc2 Re8 9. Rd1 e4 10. Nd2 Qe7 11. b4 h5 12. a4 Nf8 13. a5 a6 14. b5 Bf5 15. bxa6 bxa6 16. c5 d5 17. c6 Ne6 18. Ba3 Qd8 19. Qb3 h4 20. h3 Ng5 21. Bf1 Be6 22. Na4 Qc8 23. Qb7 Bxh3 24. Qxc8 Bxc8 25. Nb6 Rb8 26. Nxc8 Rbxc8 27. Nb3 Ra8 28. Nc5 Ra7 29. Rdb1 Bf8 30. Nxa6 Bxa3 31. Rxa3 Rea8 32. Rb8+ Rxb8 33. Nxb8 Ne6 34. a6 Ne8 35. Rb3 Nd6 36. Nd7 Kg7 37. Rb7 Ra8 38. Nc5 Nxc5 39. dxc5 Ne8 40. a7 Kf8 41. Bb5 Ke7 42. Ba4 Kf6 43. Bb3 Ng7 44. Bxd5 Ne6 45. Bxe6 Kxe6 46. Rxc7 Kd5 47. Rxf7 Kxc6 48. Kh2 Kxc5 49. Kh3 Kd5 50. Kxh4 Ke6 51. Rb7 Kf5 52. Rb5+ Kf6 53. Ra5 1-0

[Event "South Wales op 15th"]
[Site "Cardiff"]
[Date "2018.07.07"]
[Round "2"]
[White "Dambrauskas, Virginijus A"]
[Black "Whitfield, Craig M"]
[Result "1/2-1/2"]
[WhiteElo "2301"]
[BlackElo "2121"]
[PlyCount "202"]
[EventDate "2018.07.07"]
[EventType "swiss"]
[EventRounds "9"]
[EventCountry "WLS"]
[SourceTitle "EXT 2019"]
[Source "ChessBase"]
[SourceDate "2018.10.10"]
[SourceVersion "1"]
[SourceVersionDate "2018.10.10"]
[SourceQuality "1"]

1. d4 g6 2. c4 Bg7 3. e4 d6 4. Be3 Nf6 5. f3 0-0 6. Ne2 Nc6 7. d5 Ne5 8. Nec3 c6 9. Be2 b5 10. cxb5 cxd5 11. Nxd5 Nxd5 12. exd5 Qa5+ 13. Nc3 a6 14. 0-0 axb5 15. Bxb5 Ba6 16. Bxa6 Qxa6 17. Bd4 Qc4 18. Bxe5 Bxe5 19. Qd2 Rfc8 20. Rfe1 Bd4+ 21. Kh1 Bxc3 22. bxc3 Qxc3 23. Qe2 Rc7 24. h3 Rca7 25. Rad1 Qf6 26. Rd2 Qg5 27. Red1 Ra5 28. Qc4 Ra4 29. Qb3 Qe5 30. Qb1 h5 31. Re1 Qg5 32. Red1 Qf4 33. Re2 Qg5 34. Red2 R8a5 35. Qb3 Qe5 36. Qc2 Rxa2 37. Qxa2 Rxa2 38. Rxa2 Kg7 39. Ra4 f5 40. f4 Qe3 41. Rad4 Kf6 42. Kh2 h4 43. R1d3 Qe1 44. Rd1 Qg3+ 45. Kg1 g5 46. fxg5+ Qxg5 47. R4d3 Qf4 48. R1d2 Qe4 49. Kf2 Qf4+ 50. Kg1 e5 51. dxe6 Kxe6 52. Rd1 Qe5 53. Kf2 Qf4+ 54. Ke2 Qh2 55. Kf2 Qf4+ 56. Rf3 Qc4 57. Re3+ Kd7 58. Red3 Qf4+ 59. Kg1 Ke6 60. Rd4 Qg3 61. Kf1 Ke7 62. R1d3 Qg5 63. Kf2 Qf6 64. Rd5 Qg5 65. R3d4 Qg3+ 66. Kf1 Ke6 67. Rd3 Qf4+ 68. Kg1 Qc1+ 69. Rd1 Qe3+ 70. Kh1 Qg3 71. R5d4 Ke7 72. R4d3 Qe5 73. Kg1 Ke6 74. Kf2 Qf4+ 75. Rf3 Qc4 76. Rd2 Qb4 77. Rfd3 Qf4+ 78. Kg1 Qe5 79. Kf1 Qf4+ 80. Ke1 Ke7 81. Rd4 Qg3+ 82. Kf1 Qg5 83. R2d3 Qf6 84. Kf2 Qg5 85. Rf3 Ke6 86. Kg1 Ke5 87. Rfd3 Qd8 88. Rd5+ Ke6 89. Kh2 Qb6 90. R5d4 Qd8 91. Re3+ Kd7 92. Red3 Ke6 93. Kg1 Ke5 94. Rd5+ Ke6 95. Rd2 Qb6+ 96. Kh2 Qd8 97. R5d3 Qb6 98. Re2+ Kf6 99. Rf3 Qd4 100. Ref2 Qe5+ 101. Kh1 Qe1+ 1/2-1/2

[Event "BCF-chT3N 1718 (4NCL)"]
[Site "England"]
[Date "2018.05.06"]
[Round "10.21"]
[White "Whitfield, Craig M"]
[Black "Rutter, Nicholas J"]
[Result "1-0"]
[WhiteElo "2069"]
[BlackElo "2160"]
[PlyCount "55"]
[EventDate "2017.11.11"]
[EventType "team-swiss"]
[EventRounds "11"]
[EventCountry "ENG"]
[SourceTitle "EXT 2020"]
[Source "ChessBase"]
[SourceDate "2019.10.17"]
[SourceVersion "1"]
[SourceVersionDate "2019.10.17"]
[SourceQuality "1"]
[WhiteTeam "Cheddleton II"]
[BlackTeam "Shropshire"]
[WhiteTeamCountry "ENG"]
[BlackTeamCountry "ENG"]

1. Nf3 d5 2. e3 Nf6 3. c4 c6 4. Nc3 e6 5. d4 Nbd7 6. Bd2 Bd6 7. Bd3 dxc4 8. Bxc4 b5 9. Bd3 a6 10. Ne4 Be7 11. Rc1 Bb7 12. b4 Nd5 13. a3 a5 14. Nc3 axb4 15. Nxd5 exd5 16. Bxb4 Bxb4+ 17. axb4 Qe7 18. Qd2 Ra4 19. Rb1 0-0 20. Bc2 Ra2 21. Bxh7+ Kxh7 22. Qxa2 Ra8 23. Qc2+ Kg8 24. 0-0 Ra4 25. Ra1 Rxb4 26. Ra7 Rc4 27. Qf5 g6 28. Qg5 1-0

[Event "BCF-chT3N 1718 (4NCL)"]
[Site "England"]
[Date "2017.11.11"]
[Round "1.51"]
[White "Whitfield, Craig M"]
[Black "Turner, John M"]
[Result "1-0"]
[WhiteElo "2069"]
[BlackElo "2000"]
[PlyCount "25"]
[EventDate "2017.11.11"]
[EventType "team-swiss"]
[EventRounds "11"]
[EventCountry "ENG"]
[SourceTitle "EXT 2020"]
[Source "ChessBase"]
[SourceDate "2019.10.17"]
[SourceVersion "1"]
[SourceVersionDate "2019.10.17"]
[SourceQuality "1"]
[WhiteTeam "Cheddleton II"]
[BlackTeam "Holmes Chapel"]
[WhiteTeamCountry "ENG"]
[BlackTeamCountry "ENG"]

1. d4 d5 2. Bf4 Nf6 3. e3 e6 4. Nf3 Bd6 5. Bg3 c5 6. c3 Nc6 7. Nbd2 0-0 8. Bd3 Qe7 9. Ne5 Nd7 10. Nxd7 Bxd7 11. Bxd6 Qxd6 12. dxc5 Qxc5 13. Bxh7+ 1-0

[Event "BCF-chT3N 1617 (4NCL)"]
[Site "England"]
[Date "2017.03.19"]
[Round "8.51"]
[White "Whitfield, Craig M"]
[Black "Barlow, David"]
[Result "1-0"]
[WhiteElo "2095"]
[BlackElo "1997"]
[PlyCount "73"]
[EventDate "2016.11.26"]
[EventType "team-swiss"]
[EventRounds "11"]
[EventCountry "ENG"]
[SourceTitle "EXT 2019"]
[Source "ChessBase"]
[SourceDate "2018.10.10"]
[SourceVersion "1"]
[SourceVersionDate "2018.10.10"]
[SourceQuality "1"]
[WhiteTeam "Cheddleton II"]
[BlackTeam "Bradford DCA Knights II"]
[WhiteTeamCountry "ENG"]
[BlackTeamCountry "ENG"]

1. d4 Nf6 2. Bf4 g6 3. Nc3 d5 4. e3 Bg7 5. h4 h6 6. Be2 c6 7. Nf3 Nbd7 8. a3 Qb6 9. b4 0-0 10. Qb1 Ne4 11. Na4 Qd8 12. c4 Ndf6 13. cxd5 cxd5 14. Qb3 Bg4 15. Bd3 Rc8 16. Ne5 Bd7 17. Nc5 Nxc5 18. bxc5 b6 19. cxb6 Qxb6 20. Qxb6 axb6 21. Kd2 Ba4 22. Rhc1 Ne4+ 23. Bxe4 dxe4 24. Nc4 Rc6 25. Rab1 b5 26. Nb2 Ra6 27. Rc3 Rd8 28. Nxa4 Rxa4 29. Rxb5 Rda8 30. Rb8+ Rxb8 31. Bxb8 Bf8 32. Kc2 e6 33. Kb2 Ra5 34. Be5 f6 35. Bc7 Ra7 36. Bb6 Ra6 37. Bc5 1-0

[Event "Wch U18"]
[Site "Maribor"]
[Date "2012.11.16"]
[Round "9.41"]
[White "Verstraeten, Reinaert"]
[Black "Whitfield, Craig M"]
[Result "1-0"]
[WhiteElo "2211"]
[BlackElo "2040"]
[PlyCount "65"]
[EventDate "2012.11.08"]
[EventType "swiss"]
[EventRounds "11"]
[EventCountry "SLO"]
[SourceTitle "EXT 2013"]
[Source "ChessBase"]
[SourceDate "2012.11.22"]
[SourceVersion "1"]
[SourceVersionDate "2012.11.22"]
[SourceQuality "1"]

1. d4 Nf6 2. c4 g6 3. Nc3 Bg7 4. g3 0-0 5. Bg2 d6 6. Nf3 Nc6 7. 0-0 Rb8 8. Bf4 a6 9. Rc1 Bg4 10. d5 Na5 11. b3 c5 12. dxc6 Nxc6 13. h3 Bd7 14. c5 dxc5 15. Bxb8 Qxb8 16. Nd5 Qd6 17. Nxf6+ Bxf6 18. Qxd6 exd6 19. Rfd1 Be7 20. Nd2 Nd4 21. Re1 b5 22. e3 Nc6 23. Red1 f5 24. Nb1 Rd8 25. Nc3 Be8 26. Nd5 Kf8 27. Nc7 Bd7 28. Bxc6 Bxc6 29. Ne6+ Ke8 30. Nxd8 Kxd8 31. Rxc5 Bf3 32. Rd2 Ke8 33. Rc7 1-0

[Event "Hinckley e2e4 op"]
[Site "Hinckley Island"]
[Date "2012.08.27"]
[Round "7"]
[White "Whitfield, Craig M"]
[Black "Spence, David"]
[Result "0-1"]
[WhiteElo "2020"]
[BlackElo "2250"]
[PlyCount "64"]
[EventDate "2012.08.24"]
[EventType "swiss"]
[EventRounds "7"]
[EventCountry "ENG"]
[SourceTitle "CBM 150 Extra"]
[Source "ChessBase"]
[SourceDate "2012.10.19"]
[SourceVersion "1"]
[SourceVersionDate "2012.10.19"]
[SourceQuality "1"]

1. e4 e6 2. d4 d5 3. Nc3 Bb4 4. e5 c5 5. Bd2 cxd4 6. Nb5 Bc5 7. Qg4 Kf8 8. Nf3 Nc6 9. Nbxd4 Bxd4 10. Nxd4 Nxe5 11. Qg3 Nc6 12. Nxc6 bxc6 13. Bb4+ Ne7 14. Bd3 f6 15. 0-0-0 e5 16. f4 Rb8 17. Ba3 e4 18. Bxe4 Qc7 19. Rhe1 dxe4 20. Bd6 Qb7 21. Bxb8 Kf7 22. Bd6 Bf5 23. Bxe7 Qxe7 24. Qb3+ Kg6 25. g4 Bxg4 26. Rg1 Kf5 27. Rde1 Re8 28. Qa4 Qc5 29. h3 Bf3 30. Rxg7 Kxf4 31. Qb3 Rd8 32. Qe6 Qe3+ 0-1

[Event "Hinckley e2e4 op"]
[Site "Hinckley Island"]
[Date "2012.08.26"]
[Round "4"]
[White "Whitfield, Craig M"]
[Black "Shaw, Peter"]
[Result "0-1"]
[WhiteElo "2020"]
[BlackElo "2168"]
[PlyCount "58"]
[EventDate "2012.08.24"]
[EventType "swiss"]
[EventRounds "7"]
[EventCountry "ENG"]
[SourceTitle "CBM 150 Extra"]
[Source "ChessBase"]
[SourceDate "2012.10.19"]
[SourceVersion "1"]
[SourceVersionDate "2012.10.19"]
[SourceQuality "1"]

1. e4 d6 2. d4 Nf6 3. Nc3 c6 4. Nf3 Bg4 5. Be3 e6 6. h3 Bh5 7. g4 Bg6 8. Nd2 d5 9. e5 Nfd7 10. Bg2 c5 11. Nb3 cxd4 12. Bxd4 Nc6 13. f4 Nxd4 14. Nxd4 Qh4+ 15. Kf1 Bc5 16. Nce2 Nb6 17. b3 0-0 18. Qe1 Qe7 19. Kg1 Bxc2 20. Kh2 Bd3 21. Qg3 Bxe2 22. Nxe2 Rac8 23. Rhf1 Ba3 24. Rad1 Rc2 25. Nd4 Rxa2 26. f5 Nd7 27. f6 gxf6 28. exf6 Nxf6 29. Nb5 Ne4 0-1

[Event "Hinckley e2e4 op"]
[Site "Hinckley Island"]
[Date "2012.08.24"]
[Round "1"]
[White "Fernandez, Daniel Howard"]
[Black "Whitfield, Craig M"]
[Result "1-0"]
[WhiteElo "2370"]
[BlackElo "2020"]
[PlyCount "104"]
[EventDate "2012.08.24"]
[EventType "swiss"]
[EventRounds "7"]
[EventCountry "ENG"]
[SourceTitle "CBM 150 Extra"]
[Source "ChessBase"]
[SourceDate "2012.10.19"]
[SourceVersion "1"]
[SourceVersionDate "2012.10.19"]
[SourceQuality "1"]

1. c4 Nf6 2. g3 g6 3. Bg2 Bg7 4. Nc3 d6 5. e4 c5 6. Nge2 Nc6 7. 0-0 a6 8. d3 0-0 9. h3 Rb8 10. a4 Ne8 11. Be3 Nc7 12. d4 cxd4 13. Nxd4 Ne6 14. Nde2 Na5 15. b3 Re8 16. Rb1 Bd7 17. Ba7 Ra8 18. Be3 Rb8 19. Nd4 Nxd4 20. Bxd4 Bxd4 21. Qxd4 b5 22. axb5 axb5 23. c5 Be6 24. Nd5 dxc5 25. Qxc5 Bxd5 26. exd5 Qd6 27. Rfc1 Rec8 28. Qxc8+ Rxc8 29. Rxc8+ Kg7 30. b4 Nb7 31. Rc3 Qf6 32. Rc7 Nd6 33. Re1 Nf5 34. Re4 Kf8 35. Bf1 Nd6 36. Rexe7 Qxe7 37. Rxe7 Kxe7 38. Kg2 Nf5 39. Bxb5 Kd6 40. Be8 f6 41. Bc6 Ne7 42. Kf3 Nxd5 43. Bxd5 Kxd5 44. g4 Kc4 45. Ke4 Kxb4 46. Kd5 Kc3 47. Ke6 Kd4 48. f4 f5 49. gxf5 gxf5 50. Kxf5 Kd5 51. Kf6 Kd6 52. f5 Kd5 1-0

[Event "GBR-ch 99th"]
[Site "North Shields"]
[Date "2012.07.30"]
[Round "7"]
[White "Burnett, Jim"]
[Black "Whitfield, Craig M"]
[Result "1-0"]
[WhiteElo "2174"]
[BlackElo "2020"]
[PlyCount "127"]
[EventDate "2012.07.23"]
[EventType "swiss"]
[EventRounds "11"]
[EventCountry "ENG"]
[SourceTitle "CBM 149 Extra"]
[Source "ChessBase"]
[SourceDate "2012.08.24"]
[SourceVersion "1"]
[SourceVersionDate "2012.08.24"]
[SourceQuality "1"]

1. d4 Nf6 2. c4 g6 3. g3 Bg7 4. Bg2 0-0 5. Nc3 d6 6. Nf3 Nc6 7. 0-0 a6 8. d5 Na5 9. Nd2 c5 10. Qc2 Rb8 11. b3 b5 12. Bb2 e5 13. Rae1 h5 14. Nd1 bxc4 15. bxc4 h4 16. Bc3 Bd7 17. e4 Nh5 18. Ne3 Bh6 19. Bf3 Ng7 20. Rb1 Nb7 21. Rfe1 hxg3 22. fxg3 f5 23. Ndf1 f4 24. Ng4 Bg5 25. Qe2 Qc8 26. Nf2 Nd8 27. Rxb8 Qxb8 28. Bg4 fxg3 29. hxg3 Bxg4 30. Qxg4 Nf7 31. Nh3 Qd8 32. Nh2 Qf6 33. Rf1 Qe7 34. Kg2 Nh5 35. Qe6 Kg7 36. g4 Qxe6 37. dxe6 Nf6 38. exf7 Nxe4 39. Ba5 Be7 40. Kf3 Nf6 41. Ke3 Rh8 42. Rf3 Kxf7 43. g5 e4 44. Rg3 Nh5 45. Rg2 Ng7 46. Nf2 Ne6 47. Nxe4 Nxg5 48. Nxg5+ Bxg5+ 49. Kf2 Bf4 50. Nf3 Re8 51. Bd2 Re4 52. Rg4 Be3+ 53. Kg3 Bf2+ 54. Kh3 Rxg4 55. Kxg4 Ke6 56. Bf4 Kd7 57. Ng5 Bd4 58. Kf3 Kc6 59. Ke4 Kb6 60. Bxd6 Ka5 61. Ne6 Kb4 62. Nxd4 Kxc4 63. Nb3 Kc3 64. Nxc5 1-0

[Event "GBR-ch 99th"]
[Site "North Shields"]
[Date "2012.07.26"]
[Round "4"]
[White "Whitfield, Craig M"]
[Black "Brown, Martin"]
[Result "1/2-1/2"]
[WhiteElo "2020"]
[BlackElo "2224"]
[PlyCount "63"]
[EventDate "2012.07.23"]
[EventType "swiss"]
[EventRounds "11"]
[EventCountry "ENG"]
[SourceTitle "CBM 149 Extra"]
[Source "ChessBase"]
[SourceDate "2012.08.24"]
[SourceVersion "1"]
[SourceVersionDate "2012.08.24"]
[SourceQuality "1"]

1. d4 Nf6 2. Nf3 g6 3. Nbd2 d5 4. b4 Bg7 5. e3 b6 6. Bb2 0-0 7. c4 c6 8. Be2 Bf5 9. 0-0 Nbd7 10. Qb3 Re8 11. cxd5 cxd5 12. Bb5 Rf8 13. Rfc1 Nb8 14. Ne5 Qd6 15. Ba3 a6 16. Bc6 Nxc6 17. Rxc6 Qd8 18. b5 Nd7 19. bxa6 Nxe5 20. dxe5 Bxe5 21. Rd1 Rxa6 22. Nf3 Bg7 23. Bc5 Qa8 24. Rxb6 Rxb6 25. Qxb6 Rb8 26. Qa7 Qxa7 27. Bxa7 Ra8 28. Bc5 Rxa2 29. Bxe7 Bc2 30. Rc1 Bb2 31. Re1 Bc3 32. Rc1 1/2-1/2

[Event "World ol U16 10th"]
[Site "Kocaeli"]
[Date "2011.10.25"]
[Round "2.14"]
[White "Soydan, Busra"]
[Black "Whitfield, Craig M"]
[Result "0-1"]
[WhiteElo "1747"]
[BlackElo "2010"]
[PlyCount "58"]
[EventDate "2011.10.24"]
[EventType "team-swiss"]
[EventRounds "10"]
[EventCountry "TUR"]
[SourceTitle "EXT 2012"]
[Source "ChessBase"]
[SourceDate "2011.11.24"]
[SourceVersion "1"]
[SourceVersionDate "2011.11.24"]
[SourceQuality "1"]
[WhiteTeam "Turkey III"]
[BlackTeam "England"]
[WhiteTeamCountry "TUR"]
[BlackTeamCountry "ENG"]

1. e4 c5 2. Nc3 e6 3. Bc4 Nc6 4. f4 Nge7 5. Nf3 d5 6. Bb5 d4 7. Ne2 g6 8. 0-0 Bg7 9. d3 0-0 10. Bxc6 Nxc6 11. Ng3 f5 12. e5 b5 13. a4 bxa4 14. Rxa4 Bd7 15. Ra3 Ne7 16. h4 h5 17. Ng5 Bh6 18. b3 Bxg5 19. hxg5 a5 20. Re1 Bc6 21. Nf1 Nd5 22. Qd2 Nb4 23. Bb2 a4 24. Rc1 axb3 25. cxb3 Qd5 26. Re1 Kg7 27. Nh2 h4 28. Rxa8 Bxa8 29. Nf3 h3 0-1

[Event "World ol U16 09th"]
[Site "Burdur"]
[Date "2010.11.29"]
[Round "5"]
[White "Tomazini, Zan"]
[Black "Whitfield, Craig M"]
[Result "0-1"]
[WhiteElo "2257"]
[BlackElo "1960"]
[PlyCount "86"]
[EventDate "2010.11.27"]
[EventType "team-swiss"]
[EventRounds "10"]
[EventCountry "TUR"]
[SourceTitle "CBM 139 Extra"]
[Source "ChessBase"]
[SourceDate "2011.01.05"]
[SourceVersion "1"]
[SourceVersionDate "2011.01.05"]
[SourceQuality "1"]
[WhiteTeam "Slovenia"]
[BlackTeam "England"]
[WhiteTeamCountry "SLO"]
[BlackTeamCountry "ENG"]

1. e4 c5 2. c3 d5 3. exd5 Qxd5 4. d4 Nc6 5. Nf3 Bg4 6. Be2 e6 7. 0-0 Nf6 8. Be3 cxd4 9. cxd4 Be7 10. Nc3 Qd8 11. Qa4 0-0 12. h3 Bh5 13. Rac1 Nb4 14. g4 Bg6 15. Ne5 a6 16. h4 Nbd5 17. h5 Nxc3 18. bxc3 b5 19. Qd1 Be4 20. h6 g6 21. Bg5 Bb7 22. Bf3 Nd5 23. Bxe7 Qxe7 24. Qd2 Rac8 25. Bg2 Qh4 26. Bf3 Rc7 27. Kg2 Rfc8 28. Rh1 Qe7 29. Bxd5 Bxd5+ 30. f3 Qa3 31. Qf4 Qxa2+ 32. Kg3 f5 33. gxf5 exf5 34. Nxg6 hxg6 35. Qd6 Kh7 36. Rce1 Rf7 37. Rhg1 f4+ 38. Kh3 Rc6 39. Qd8 Be6+ 40. Rxe6 Qxe6+ 41. Kh2 Rxc3 42. d5 Qe7 43. Qxe7 Rxe7 0-1